Collected Poems / (Record no. 9912)

MARC details
000 -LEADER
campo de control de longitud fija 00656nam a2200217 i 4500
001 - NÚMERO DE CONTROL
campo de control 9912
003 - IDENTIFICADOR DE NÚMERO DE CONTROL
campo de control ES-MaACL
005 - FECHA Y HORA DE LA ÚLTIMA TRANSACCIÓN
campo de control 20251016161449.0
008 - DATOS DE LONGITUD FIJA--INFORMACIÓN GENERAL
campo de control de longitud fija 940509s1989 xxk ||||1| eng d
020 ## - NÚMERO INTERNACIONAL ESTÁNDAR DEL LIBRO
Número Internacional Estándar del Libro 0-571-11838-0
080 ## - NÚMERO DE LA CLASIFICACIÓN DECIMAL UNIVERSAL
Número de la Clasificación Decimal Universal 82-14"19"
100 1# - ENTRADA PRINCIPAL--NOMBRE DE PERSONA
Nombre de persona Plath, Sylvia,
Fechas asociadas al nombre 1932-1963
9 (RLIN) 242366
245 10 - MENCIÓN DEL TÍTULO
Título Collected Poems /
Mención de responsabilidad, etc. Sylvia Plath ; [edited with an introduction by Ted Hughes].
260 ## - PUBLICACIÓN, DISTRIBUCIÓN, ETC.
Lugar de publicación, distribución, etc. London ;
-- Boston :
Nombre del editor, distribuidor, etc. Faber and Faber,
Fecha de publicación, distribución, etc. [1989]
300 ## - DESCRIPCIÓN FÍSICA
Extensión 351 p. ;
Dimensiones 22 cm.
655 #7 - TERMINO DE INDIZACIÓN--GENERO/FORMA
Fuente del término tgfbne
9 (RLIN) 176539
Datos o término principal de género/forma Poesías
700 0# - ENTRADA AGREGADA--NOMBRE PERSONAL
Nombre de persona Hughes, Ted,
Fechas asociadas al nombre 1930-1998
9 (RLIN) 64619
852 ## - LOCALIZACIÓN
Ubicación ES-MaACL
Número de control de estantería L-17366
942 ## - ELEMENTOS DE ENTRADA SECUNDARIOS (KOHA)
Fuente del sistema de clasificación o colocación Clasificación decimal universal
Holdings
Estatus retirado Estado de pérdida Estado de daño No para préstamo Biblioteca de origen Biblioteca actual Ubicación en estantería Fecha de adquisición Fuente de adquisición Total de préstamos Signatura topográfica completa Código de barras Visto por última vez Precio de reemplazo Tipo de ítem Koha
        Biblioteca del Ateneo de Madrid Biblioteca del Ateneo de Madrid Depósito 2 17/01/2008     L-17366 1010119 23/02/2023 23/02/2023 Libro impreso